[Event "c14"]
[Site "?"]
[Date "2020.08.25"]
[Round "9.1"]
[White "Zdybel, Przemyslaw"]
[Black "Klimkowski, Jan"]
[Result "0-1"]
[BlackElo "1998"]
[WhiteElo "1455"]
[LiveChessVersion "1.4.8"]

1. e4 {[%clk 0:15:17]} c5 {[%clk 0:15:19]} 2. Nf3 {[%clk 0:15:25]} d6
{[%clk 0:15:28]} 3. d4 {[%clk 0:15:33]} cxd4 {[%clk 0:15:37]} 4. Nxd4
{[%clk 0:15:41]} Nf6 {[%clk 0:15:46]} 5. Nc3 {[%clk 0:15:49]} a6 {[%clk 0:15:55]}
6. Be3 {[%clk 0:15:57]} e5 {[%clk 0:16:02]} 7. Nb3 {[%clk 0:16:06]} Be6
{[%clk 0:16:11]} 8. f3 {[%clk 0:16:14]} h5 {[%clk 0:16:19]} 9. Qd2
{[%clk 0:16:22]} Nbd7 {[%clk 0:16:24]} 10. O-O-O {[%clk 0:16:30]} Rc8
{[%clk 0:16:33]} 11. Kb1 {[%clk 0:16:37]} Be7 {[%clk 0:16:24]} 12. Nd5
{[%clk 0:16:46]} Nxd5 {[%clk 0:13:59]} 13. exd5 {[%clk 0:16:54]} Bf5
{[%clk 0:14:08]} 14. Bd3 {[%clk 0:17:02]} Bxd3 {[%clk 0:14:16]} 15. Qxd3
{[%clk 0:17:11]} b5 {[%clk 0:13:33]} 16. Qd2 {[%clk 0:16:35]} O-O
{[%clk 0:12:30]} 17. Na5 {[%clk 0:16:22]} Qc7 {[%clk 0:11:23]} 18. Nc6
{[%clk 0:15:39]} Nb8 {[%clk 0:11:31]} 19. Nxe7+ {[%clk 0:14:28]} Qxe7
{[%clk 0:11:40]} 20. g4 {[%clk 0:14:21]} hxg4 {[%clk 0:10:37]} 21. fxg4
{[%clk 0:14:24]} f5 {[%clk 0:10:33]} 22. gxf5 {[%clk 0:13:38]} Rxf5
{[%clk 0:10:36]} 23. Rhg1 {[%clk 0:13:43]} Rcf8 {[%clk 0:09:55]} 24. a3
{[%clk 0:13:08]} Qc7 {[%clk 0:07:59]} 25. Rg6 {[%clk 0:11:38]} R8f6
{[%clk 0:07:44]} 26. Qg2 {[%clk 0:11:30]} Qf7 {[%clk 0:06:32]} 27. Rxf6
{[%clk 0:10:35]} Rxf6 {[%clk 0:06:15]} 28. Rg1 {[%clk 0:09:59]} Nd7
{[%clk 0:05:37]} 29. h4 {[%clk 0:10:08]} Kh8 {[%clk 0:03:35]} 30. h5
{[%clk 0:09:03]} Nf8 {[%clk 0:03:17]} 31. Rh1 {[%clk 0:07:46]} Rf3
{[%clk 0:02:52]} 32. h6 {[%clk 0:06:45]} g6 {[%clk 0:02:40]} 33. Bc1
{[%clk 0:05:36]} Kh7 {[%clk 0:02:44]} 34. Qd2 {[%clk 0:05:19]} Qc7
{[%clk 0:01:43]} 35. Qe2 {[%clk 0:04:43]} Rf5 {[%clk 0:01:44]} 36. Rh3
{[%clk 0:04:34]} Qf7 {[%clk 0:01:17]} 37. Qe4 {[%clk 0:04:05]} Nd7
{[%clk 0:01:16]} 38. Qe1 {[%clk 0:02:13]} Rf1 {[%clk 0:01:09]} 39. Qd2
{[%clk 0:02:04]} Nc5 {[%clk 0:01:07]} 40. Re3 {[%clk 0:01:40]} Qf4
{[%clk 0:00:42]} 41. Ka2 {[%clk 0:01:18]} Qf5 {[%clk 0:00:27]} 42. Re2
{[%clk 0:01:19]} Rf3 {[%clk 0:00:34]} 43. Qa5 {[%clk 0:01:07]} Qf7
{[%clk 0:00:25]} 44. Rd2 {[%clk 0:00:53]} Rf1 {[%clk 0:00:28]} 45. Qd8
{[%clk 0:00:34]} Rxc1 {[%clk 0:00:12]} 46. Qxd6 {[%clk 0:00:24]} Ne4
{[%clk 0:00:12]} 47. Qe6 {[%clk 0:00:33]} Qxe6 {[%clk 0:00:16]} 48. dxe6
{[%clk 0:00:42]} Kxh6 {[%clk 0:00:11]} 49. e7 {[%clk 0:00:48]} Nf6
{[%clk 0:00:19]} 50. Rf2 {[%clk 0:00:56]} Ne8 {[%clk 0:00:21]} 51. Rf8
{[%clk 0:01:05]} Kg7 {[%clk 0:00:21]} 52. Rxe8 {[%clk 0:01:10]} Kf7
{[%clk 0:00:22]} 53. Rg8 {[%clk 0:01:14]} Kxe7 {[%clk 0:00:29]} 54. Rxg6
{[%clk 0:01:22]} Rxc2 {[%clk 0:00:38]} 55. Kb3 {[%clk 0:01:28]} Rc7
{[%clk 0:00:44]} 56. Rxa6 {[%clk 0:01:27]} e4 {[%clk 0:00:48]} 57. a4
{[%clk 0:01:30]} e3 {[%clk 0:00:48]} 58. axb5 {[%clk 0:01:36]} Rc1
{[%clk 0:00:46]} 59. Rc6 {[%clk 0:01:38]} Rxc6 {[%clk 0:00:49]} 0-1

[Event "c14"]
[Site "?"]
[Date "2020.08.25"]
[Round "9.2"]
[White "Malek, Jan"]
[Black "Fiszer, Bartosz"]
[Result "1-0"]
[BlackElo "1890"]
[WhiteElo "1843"]
[LiveChessVersion "1.4.8"]

1. e4 c5 2. c3 d5 3. exd5 Qxd5 4. d4 Nc6 5. Nf3 Bf5 6. Be3 Nf6 7. Nbd2 cxd4 8.
Bc4 Qa5 9. Nxd4 Nxd4 10. Bxd4 e5 11. Qe2 Bd6 12. Bb5+ Bd7 13. Nc4 Qc7 14. Nxd6+
Qxd6 15. Bxe5 Bxb5 16. Qxb5+ Qd7 17. Qxd7+ Nxd7 18. Bd4 O-O 19. O-O-O Nb8 20.
Rhe1 Nc6 21. Bc5 Rfc8 22. Rd7 b6 23. Be3 Ne5 24. Rd5 Re8 25. Bd2 Ng4 26. Rxe8+
Rxe8 27. f3 Nf6 28. Rd4 h6 29. Kd1 Re5 30. Rd6 Kh7 31. g4 Re7 32. c4 Nd7 33. Rd4
Nc5 34. Bb4 Re3 35. Bxc5 bxc5 36. Rf4 Kg6 37. Rf5 Rd3+ 38. Ke2 Rd6 39. Rxc5 Re6+
40. Kf2 Rb6 41. Rb5 Ra6 42. a3 Rc6 43. b3 Rd6 44. c5 Rd2+ 45. Kg3 Rc2 46. b4 Rc3
47. Ra5 h5 48. h3 h4+ 49. Kxh4 Rxf3 50. Ra6+ f6 51. Rxa7 Kh6 52. g5+ fxg5+ 53.
Kg4 Rc3 54. Ra6+ g6 55. c6 Rc4+ 56. Kg3 Rc3+ 57. Kg2 g4 58. hxg4 Kg5 59. Ra5+
Kxg4 60. Rc5 Rxa3 61. c7 Ra2+ 62. Kf1 Kf3 63. c8=Q g5 64. Qf5+ Ke3 65. Qe5+ Kf3
66. Rc3+ Kg4 67. Rg3+ 1-0

[Event "c14"]
[Site "?"]
[Date "2020.08.25"]
[Round "9.3"]
[White "Paprocki, Antoni"]
[Black "Wieczorek, Mikolaj"]
[Result "1/2-1/2"]
[BlackElo "1550"]
[WhiteElo "1843"]
[LiveChessVersion "1.4.8"]

1. d4 {[%clk 0:15:19]} Nf6 2. c4 g6 {[%clk 0:15:26]} 3. Nf3 {[%clk 0:15:37]} Bg7
{[%clk 0:15:34]} 4. g3 {[%clk 0:15:47]} c5 {[%clk 0:15:38]} 5. d5
{[%clk 0:15:54]} e6 {[%clk 0:15:46]} 6. Bg2 {[%clk 0:15:47]} exd5
{[%clk 0:15:54]} 7. cxd5 {[%clk 0:15:57]} d6 {[%clk 0:16:04]} 8. Nc3
{[%clk 0:16:06]} O-O {[%clk 0:16:12]} 9. O-O {[%clk 0:16:14]} Re8
{[%clk 0:16:11]} 10. Re1 {[%clk 0:16:22]} h6 {[%clk 0:16:12]} 11. e4
{[%clk 0:16:24]} Bg4 {[%clk 0:16:14]} 12. Qc2 {[%clk 0:16:09]} Bxf3
{[%clk 0:16:20]} 13. Bxf3 {[%clk 0:16:18]} a6 {[%clk 0:16:23]} 14. a4
{[%clk 0:16:27]} Nbd7 {[%clk 0:16:30]} 15. Bf4 {[%clk 0:15:59]} Ne5
{[%clk 0:16:37]} 16. Bxe5 {[%clk 0:15:58]} Rxe5 {[%clk 0:16:45]} 17. Bg2
{[%clk 0:16:02]} Re8 {[%clk 0:16:52]} 18. f4 {[%clk 0:15:49]} Nd7
{[%clk 0:16:57]} 19. Rad1 {[%clk 0:14:58]} Rb8 {[%clk 0:16:03]} 20. Kh1
{[%clk 0:13:19]} b5 {[%clk 0:15:48]} 21. axb5 {[%clk 0:13:26]} axb5
{[%clk 0:15:56]} 22. Ra1 {[%clk 0:12:53]} b4 {[%clk 0:15:49]} 23. Nb1
{[%clk 0:12:24]} Nb6 {[%clk 0:14:07]} 24. Nd2 {[%clk 0:12:31]} c4
{[%clk 0:13:34]} 25. Nxc4 {[%clk 0:09:40]} Rc8 {[%clk 0:12:28]} 26. Bf1
{[%clk 0:09:48]} Nxc4 {[%clk 0:11:31]} 27. Bxc4 {[%clk 0:09:57]} Bxb2
{[%clk 0:11:33]} 28. Qxb2 {[%clk 0:09:26]} Rxc4 {[%clk 0:11:41]} 29. e5
{[%clk 0:08:57]} dxe5 {[%clk 0:08:32]} 30. Rxe5 {[%clk 0:09:06]} Rxe5
{[%clk 0:07:57]} 31. Qxe5 {[%clk 0:09:15]} Rc5 {[%clk 0:08:03]} 32. Rd1
{[%clk 0:09:21]} b3 {[%clk 0:08:10]} 33. Qd4 {[%clk 0:08:49]} Qd6
{[%clk 0:07:33]} 34. Kg1 {[%clk 0:07:28]} b2 {[%clk 0:05:47]} 1/2-1/2

[Event "c14"]
[Site "?"]
[Date "2020.08.25"]
[Round "9.4"]
[White "Jedraszek, Pawel"]
[Black "Chyzy, Jakub"]
[Result "1/2-1/2"]
[BlackElo "1930"]
[WhiteElo "1590"]
[LiveChessVersion "1.4.8"]

1. e4 {[%clk 0:15:19]} Nf6 {[%clk 0:15:20]} 2. e5 Nd5 3. d4 {[%clk 0:15:34]} d6
{[%clk 0:15:39]} 4. Nf3 Bg4 5. Be2 c6 6. O-O {[%clk 0:15:49]} Bxf3
{[%clk 0:16:06]} 7. Bxf3 {[%clk 0:15:56]} dxe5 {[%clk 0:16:16]} 8. dxe5
{[%clk 0:16:03]} e6 {[%clk 0:16:25]} 9. c4 {[%clk 0:15:16]} Ne7 {[%clk 0:16:34]}
10. Qxd8+ {[%clk 0:14:48]} Kxd8 {[%clk 0:16:43]} 11. Be4 {[%clk 0:14:49]} Nd7
{[%clk 0:16:52]} 12. f4 {[%clk 0:14:54]} Nf5 {[%clk 0:17:00]} 13. Bxf5
{[%clk 0:14:13]} Bc5+ {[%clk 0:17:09]} 14. Kh1 {[%clk 0:14:19]} exf5
{[%clk 0:17:19]} 15. Bd2 {[%clk 0:13:26]} Nf8 {[%clk 0:15:46]} 16. b4
{[%clk 0:11:22]} Be7 {[%clk 0:14:37]} 17. Bc3 {[%clk 0:11:03]} Ne6
{[%clk 0:14:25]} 18. Nd2 {[%clk 0:10:45]} b6 {[%clk 0:12:15]} 19. Nb3
{[%clk 0:10:36]} Kc7 {[%clk 0:11:58]} 20. g3 {[%clk 0:10:16]} h5 {[%clk 0:10:54]}
21. Kg2 {[%clk 0:10:13]} h4 {[%clk 0:10:53]} 22. a4 {[%clk 0:09:23]} h3+
{[%clk 0:09:02]} 23. Kh1 {[%clk 0:08:23]} Rad8 {[%clk 0:07:58]} 24. Rad1
{[%clk 0:08:28]} c5 {[%clk 0:07:32]} 25. b5 {[%clk 0:07:02]} g5 {[%clk 0:07:21]}
26. fxg5 {[%clk 0:06:42]} Bxg5 {[%clk 0:05:35]} 27. Rd5 {[%clk 0:06:42]} f4
{[%clk 0:05:41]} 28. Nd2 {[%clk 0:05:37]} Kb8 {[%clk 0:03:48]} 29. Ne4
{[%clk 0:05:30]} Bh6 {[%clk 0:03:54]} 30. Nd6 {[%clk 0:04:03]} Rh7
{[%clk 0:03:28]} 31. Bd2 {[%clk 0:03:29]} Nc7 {[%clk 0:02:05]} 32. Rd3
{[%clk 0:03:24]} fxg3 {[%clk 0:02:12]} 33. hxg3 {[%clk 0:03:29]} Bxd2
{[%clk 0:02:21]} 34. Rxd2 {[%clk 0:03:38]} Ne8 {[%clk 0:02:00]} 35. Rdf2
{[%clk 0:03:13]} Nxd6 {[%clk 0:02:00]} 36. exd6 {[%clk 0:03:22]} Rxd6
{[%clk 0:01:36]} 37. Rxf7 {[%clk 0:03:23]} Rxf7 {[%clk 0:01:42]} 38. Rxf7
{[%clk 0:03:32]} Rd4 {[%clk 0:01:49]} 39. Rf4 {[%clk 0:03:35]} Rd2
{[%clk 0:01:43]} 40. Rf8+ {[%clk 0:02:35]} Kc7 {[%clk 0:01:51]} 41. Rf7+
{[%clk 0:02:43]} Kb8 {[%clk 0:01:35]} 42. Rf8+ {[%clk 0:02:51]} Kc7
{[%clk 0:01:42]} 43. Rf7+ {[%clk 0:02:39]} Kb8 {[%clk 0:00:43]} 44. Rf8+
{[%clk 0:02:30]} Kc7 {[%clk 0:00:52]} 45. Rf7+ {[%clk 0:02:39]} Kb8
{[%clk 0:00:40]} 1/2-1/2

[Event "c14"]
[Site "?"]
[Date "2020.08.25"]
[Round "9.5"]
[White "Karolczuk, Iwo"]
[Black "Bancarewicz, Aleks"]
[Result "1-0"]
[BlackElo "1647"]
[WhiteElo "1951"]
[LiveChessVersion "1.4.8"]

1. Nf3 Nf6 2. d4 g6 3. c3 Bg7 4. Bf4 O-O 5. e3 d6 6. h3 Nbd7 7. Be2 b6 8. a4 a6
9. O-O Bb7 10. Nbd2 c5 11. Re1 Ra7 12. Bd3 Re8 13. e4 cxd4 14. cxd4 e5 15. Be3
exd4 16. Bxd4 Nc5 17. Bxc5 dxc5 18. Qc2 Bc8 19. Nc4 Nh5 20. e5 Rae7 21. Rad1 Qc7
22. Nd6 Rd8 23. Bc4 Nf4 24. Nxf7 Rxf7 25. Bxf7+ Kxf7 26. Ng5+ Ke7 27. Nxh7 Rxd1
28. Qxd1 Bb7 29. Qg4 Nxg2 30. Rd1 Bxe5 31. Qxg6 Bh2+ 32. Kf1 Qf4 33. Qg7+ Ke6 34.
Qd7+ Ke5 35. Qd6+ Ke4 36. Qe7+ Kf5 37. Qf6+ Ke4 38. Ng5+ Qxg5 39. Qxg5 Nf4 40.
Qe7+ Kf5 41. Qxb7 1-0

[Event "c14"]
[Site "?"]
[Date "2020.08.25"]
[Round "9.6"]
[White "Malinowski, Szymon"]
[Black "Herwy, Jakub"]
[Result "0-1"]
[BlackElo "1615"]
[WhiteElo "1844"]
[LiveChessVersion "1.4.8"]

1. d4 {[%clk 0:15:19]} Nf6 {[%clk 0:15:19]} 2. Nf3 {[%clk 0:15:27]} g6
{[%clk 0:15:28]} 3. Bg5 {[%clk 0:15:35]} Bg7 {[%clk 0:15:36]} 4. Nbd2
{[%clk 0:15:44]} O-O {[%clk 0:15:40]} 5. e4 {[%clk 0:15:52]} c5 {[%clk 0:15:41]}
6. c3 {[%clk 0:16:00]} Qb6 {[%clk 0:15:34]} 7. Rb1 cxd4 {[%clk 0:15:22]} 8. cxd4
{[%clk 0:15:45]} Nc6 {[%clk 0:15:30]} 9. Qa4 {[%clk 0:14:16]} d6 {[%clk 0:14:46]}
10. Be2 {[%clk 0:13:29]} Bd7 {[%clk 0:14:53]} 11. O-O {[%clk 0:12:47]} Ne5
{[%clk 0:14:05]} 12. Qd1 {[%clk 0:08:27]} Nxf3+ {[%clk 0:13:53]} 13. Nxf3
{[%clk 0:08:33]} Nxe4 {[%clk 0:13:15]} 14. Bxe7 {[%clk 0:08:36]} Rfe8
{[%clk 0:13:23]} 15. Bh4 {[%clk 0:08:40]} Bf5 {[%clk 0:13:30]} 16. Bd3
{[%clk 0:05:56]} Bxd4 {[%clk 0:12:30]} 17. Bxe4 {[%clk 0:06:03]} Rxe4
{[%clk 0:12:37]} 18. Bg3 {[%clk 0:05:32]} Bg4 {[%clk 0:12:25]} 19. Qd3
{[%clk 0:05:14]} Bxf3 {[%clk 0:12:32]} 20. gxf3 {[%clk 0:04:51]} Re6
{[%clk 0:12:19]} 21. Rfd1 {[%clk 0:04:59]} Bg7 {[%clk 0:11:39]} 22. b3
{[%clk 0:04:10]} Rae8 {[%clk 0:10:48]} 23. Rbc1 {[%clk 0:03:55]} Be5
{[%clk 0:09:50]} 24. f4 {[%clk 0:02:12]} Bb2 {[%clk 0:09:23]} 25. Rc2
{[%clk 0:02:14]} Bg7 {[%clk 0:09:21]} 26. f5 {[%clk 0:02:04]} Rf6
{[%clk 0:08:28]} 27. fxg6 {[%clk 0:02:05]} hxg6 {[%clk 0:08:34]} 28. Rdc1
{[%clk 0:01:23]} Rfe6 {[%clk 0:08:08]} 29. Rc8 {[%clk 0:01:15]} Be5
{[%clk 0:07:54]} 30. Qf3 {[%clk 0:00:54]} Kg7 {[%clk 0:07:11]} 31. R8c7
{[%clk 0:00:19]} Rf6 {[%clk 0:07:01]} 32. Qg2 {[%clk 0:00:27]} Bxg3
{[%clk 0:07:06]} 33. hxg3 {[%clk 0:00:36]} Re1+ {[%clk 0:07:13]} 34. Rxe1
{[%clk 0:00:41]} Qxc7 {[%clk 0:07:22]} 35. Re2 {[%clk 0:00:32]} Qc1+
{[%clk 0:07:24]} 36. Kh2 {[%clk 0:00:40]} g5 {[%clk 0:07:26]} 37. g4
{[%clk 0:00:14]} Rh6+ {[%clk 0:07:35]} 0-1

[Event "c14"]
[Site "?"]
[Date "2020.08.25"]
[Round "9.7"]
[White "Backiel, Hubert"]
[Black "Trzebinski, Patryk"]
[Result "0-1"]
[BlackElo "1815"]
[WhiteElo "1693"]
[LiveChessVersion "1.4.8"]

1. e4 d5 2. exd5 Nf6 3. Nf3 Nxd5 4. d4 Bg4 5. Be2 e6 6. O-O Nc6 7. c4 Nb6 8. Bg5
Be7 9. Bxe7 Qxe7 10. d5 exd5 11. cxd5 Rd8 12. Nc3 O-O 13. Qb3 Bxf3 14. Bxf3 Nd4
15. Qd1 Qf6 16. Be4 Rfe8 17. Qd3 g6 18. Rad1 Ne6 19. Qg3 Nf4 20. Bf3 Nc4 21. Ne4
Rxe4 22. Kh1 Re5 23. Rd4 Re1 24. Rxe1 Qxd4 25. h3 Nd3 26. Qg5 Nxe1 0-1

[Event "c14"]
[Site "?"]
[Date "2020.08.25"]
[Round "9.8"]
[White "Janeczko, Jakub"]
[Black "Paszkowski, Krystian"]
[Result "0-1"]
[BlackElo "1727"]
[WhiteElo "1661"]
[LiveChessVersion "1.4.8"]

1. e4 {[%clk 0:15:19]} c5 {[%clk 0:15:19]} 2. Nf3 {[%clk 0:15:27]} e6
{[%clk 0:15:27]} 3. d4 {[%clk 0:15:33]} cxd4 {[%clk 0:15:35]} 4. Nxd4
{[%clk 0:15:42]} a6 {[%clk 0:15:44]} 5. Be2 {[%clk 0:15:45]} Nf6 {[%clk 0:15:50]}
6. Nc3 {[%clk 0:15:53]} Qc7 {[%clk 0:15:58]} 7. O-O {[%clk 0:15:59]} Be7
{[%clk 0:16:07]} 8. Kh1 {[%clk 0:16:02]} O-O {[%clk 0:16:10]} 9. f4
{[%clk 0:16:09]} d6 {[%clk 0:16:19]} 10. Be3 {[%clk 0:16:08]} b5 {[%clk 0:16:27]}
11. a3 {[%clk 0:16:09]} Bb7 {[%clk 0:16:36]} 12. Bf3 {[%clk 0:16:13]} Nbd7
{[%clk 0:16:02]} 13. Qe2 {[%clk 0:14:39]} Nb6 {[%clk 0:14:36]} 14. Bf2
{[%clk 0:13:59]} Nc4 {[%clk 0:14:07]} 15. b3 {[%clk 0:12:15]} Nxa3
{[%clk 0:11:32]} 16. Nd1 {[%clk 0:09:19]} d5 {[%clk 0:09:39]} 17. e5
{[%clk 0:08:48]} Ne4 {[%clk 0:09:46]} 18. Bxe4 {[%clk 0:08:07]} dxe4
{[%clk 0:09:52]} 19. Qg4 {[%clk 0:06:27]} b4 {[%clk 0:07:43]} 20. Ne3
{[%clk 0:04:19]} Rfd8 {[%clk 0:06:34]} 21. Rad1 {[%clk 0:03:30]} Nb5
{[%clk 0:05:36]} 22. Nxb5 {[%clk 0:02:55]} axb5 {[%clk 0:05:40]} 23. Bh4
{[%clk 0:02:40]} Bxh4 {[%clk 0:03:20]} 24. Qxh4 {[%clk 0:02:49]} Rxd1
{[%clk 0:00:46]} 25. Rxd1 {[%clk 0:02:58]} Bd5 {[%clk 0:00:54]} 26. h3
{[%clk 0:02:27]} Qb6 {[%clk 0:00:31]} 27. Qg3 {[%clk 0:02:22]} Kh8
{[%clk 0:00:20]} 28. f5 {[%clk 0:02:25]} Rg8 {[%clk 0:00:11]} 29. Qf4
{[%clk 0:01:55]} Qc6 {[%clk 0:00:12]} 30. Kh2 {[%clk 0:01:11]} Qc3
{[%clk 0:00:11]} 31. Rf1 {[%clk 0:00:38]} Bc6 {[%clk 0:00:12]} 32. f6
{[%clk 0:00:37]} g5 {[%clk 0:00:21]} 33. Qg3 {[%clk 0:00:37]} g4 {[%clk 0:00:19]}
34. hxg4 {[%clk 0:00:37]} Rg5 {[%clk 0:00:13]} 35. Rd1 {[%clk 0:00:28]} h6
{[%clk 0:00:11]} 36. Qh4 {[%clk 0:00:13]} Qxe5+ {[%clk 0:00:16]} 37. Kg1
{[%clk 0:00:22]} Qxf6 {[%clk 0:00:24]} 38. Rf1 {[%clk 0:00:30]} Qg6
{[%clk 0:00:18]} 39. Qh2 {[%clk 0:00:39]} Bd5 {[%clk 0:00:14]} 40. Qe5+
{[%clk 0:00:41]} Rxe5 {[%clk 0:00:22]} 0-1

[Event "c14"]
[Site "?"]
[Date "2020.08.25"]
[Round "9.9"]
[White "Matela, Krzysztof"]
[Black "Pancewicz, Szymon"]
[Result "1-0"]
[BlackElo "1521"]
[WhiteElo "1706"]
[LiveChessVersion "1.4.8"]

1. e4 {[%clk 0:15:18]} c5 {[%clk 0:15:17]} 2. Ne2 {[%clk 0:15:27]} e6
{[%clk 0:15:12]} 3. g3 {[%clk 0:15:34]} Nc6 {[%clk 0:14:58]} 4. Bg2
{[%clk 0:15:43]} Nf6 {[%clk 0:14:21]} 5. d3 {[%clk 0:15:46]} d5 {[%clk 0:14:03]}
6. Nbc3 {[%clk 0:15:48]} d4 {[%clk 0:12:42]} 7. Nb1 {[%clk 0:15:53]} Be7
{[%clk 0:11:55]} 8. O-O {[%clk 0:16:01]} O-O {[%clk 0:11:46]} 9. f4
{[%clk 0:15:52]} Qc7 {[%clk 0:11:01]} 10. Nd2 {[%clk 0:15:54]} Bd7
{[%clk 0:10:33]} 11. Nf3 {[%clk 0:15:59]} b5 {[%clk 0:10:01]} 12. h3
{[%clk 0:16:01]} Rfd8 {[%clk 0:08:54]} 13. Bd2 {[%clk 0:15:56]} Rac8
{[%clk 0:08:12]} 14. Kh2 {[%clk 0:15:52]} Be8 {[%clk 0:07:26]} 15. Qe1
{[%clk 0:15:36]} c4 {[%clk 0:06:50]} 16. a4 {[%clk 0:15:09]} cxd3
{[%clk 0:05:51]} 17. cxd3 {[%clk 0:15:14]} bxa4 {[%clk 0:05:36]} 18. Rxa4
{[%clk 0:15:22]} Qb6 {[%clk 0:04:05]} 19. e5 {[%clk 0:13:08]} Nd5
{[%clk 0:03:46]} 20. Rc4 {[%clk 0:12:39]} Ndb4 {[%clk 0:03:07]} 21. Qb1
{[%clk 0:12:14]} Rb8 {[%clk 0:02:02]} 22. Rfc1 {[%clk 0:10:49]} Na5
{[%clk 0:01:37]} 23. Rxd4 {[%clk 0:10:43]} Nb3 {[%clk 0:01:08]} 24. Rxd8
{[%clk 0:10:26]} Rxd8 {[%clk 0:01:13]} 25. Bxb4 {[%clk 0:10:32]} Bxb4
{[%clk 0:00:53]} 26. Rc4 {[%clk 0:10:25]} a5 {[%clk 0:00:37]} 27. Qc2
{[%clk 0:10:21]} Nc5 {[%clk 0:00:22]} 28. d4 {[%clk 0:10:27]} Ba4
{[%clk 0:00:30]} 29. dxc5 {[%clk 0:10:25]} Qc6 {[%clk 0:00:28]} 30. b3
{[%clk 0:10:28]} Bb5 {[%clk 0:00:36]} 31. Ned4 {[%clk 0:10:29]} Qa6
{[%clk 0:00:28]} 32. Nxb5 {[%clk 0:10:37]} Qxb5 {[%clk 0:00:36]} 33. Nd4 Qa6
{[%clk 0:00:29]} 34. Nc6 {[%clk 0:10:44]} Rd2 {[%clk 0:00:36]} 35. Rxb4
{[%clk 0:10:41]} 1-0

[Event "c14"]
[Site "?"]
[Date "2020.08.25"]
[Round "9.10"]
[White "Wojdak, Jan"]
[Black "Demski, Michal"]
[Result "1/2-1/2"]
[BlackElo "1676"]
[WhiteElo "1917"]
[LiveChessVersion "1.4.8"]

1. e4 {[%clk 0:15:17]} d6 {[%clk 0:15:18]} 2. d3 {[%clk 0:15:20]} Nf6
{[%clk 0:15:25]} 3. Nd2 {[%clk 0:15:29]} Nbd7 {[%clk 0:15:29]} 4. Ngf3
{[%clk 0:15:36]} e5 {[%clk 0:15:37]} 5. g3 {[%clk 0:15:41]} g6 {[%clk 0:15:39]}
6. Bg2 {[%clk 0:15:49]} Bg7 {[%clk 0:15:48]} 7. O-O {[%clk 0:15:57]} O-O
{[%clk 0:15:57]} 8. Re1 {[%clk 0:16:04]} Re8 {[%clk 0:16:06]} 9. Nf1
{[%clk 0:16:12]} Nf8 {[%clk 0:16:06]} 10. c3 {[%clk 0:16:21]} h5 {[%clk 0:16:14]}
11. Ne3 {[%clk 0:15:42]} c6 {[%clk 0:16:22]} 12. Nc4 {[%clk 0:13:39]} b5
{[%clk 0:15:27]} 13. Na3 {[%clk 0:13:47]} Qb6 {[%clk 0:15:02]} 14. Be3
{[%clk 0:13:54]} Qc7 {[%clk 0:15:03]} 15. Bg5 {[%clk 0:13:06]} N8h7
{[%clk 0:14:49]} 16. Bxf6 {[%clk 0:12:00]} Nxf6 {[%clk 0:14:34]} 17. d4
{[%clk 0:12:01]} Bg4 {[%clk 0:13:23]} 18. d5 {[%clk 0:12:04]} cxd5
{[%clk 0:12:51]} 19. h3 {[%clk 0:11:24]} dxe4 {[%clk 0:12:20]} 20. hxg4
{[%clk 0:11:33]} exf3 {[%clk 0:12:29]} 21. Bxf3 {[%clk 0:11:39]} hxg4
{[%clk 0:12:24]} 22. Bxa8 {[%clk 0:11:45]} Rxa8 {[%clk 0:12:23]} 23. Qe2
{[%clk 0:07:23]} a6 {[%clk 0:12:22]} 24. Rad1 {[%clk 0:07:30]} Rd8
{[%clk 0:12:14]} 25. Nc2 {[%clk 0:07:36]} Qc8 {[%clk 0:10:39]} 26. Nb4
{[%clk 0:07:00]} Qb7 {[%clk 0:10:44]} 27. Qf1 {[%clk 0:06:40]} Ne4
{[%clk 0:09:53]} 28. Nd5 {[%clk 0:06:35]} f5 {[%clk 0:09:44]} 29. Qg2
{[%clk 0:06:40]} Qf7 {[%clk 0:08:47]} 30. Rxe4 {[%clk 0:06:22]} fxe4
{[%clk 0:08:54]} 31. Qxe4 {[%clk 0:06:31]} Qf3 {[%clk 0:08:35]} 32. Ne7+
{[%clk 0:05:12]} Kf7 {[%clk 0:08:37]} 33. Qxg6+ {[%clk 0:05:20]} Kxe7
{[%clk 0:08:35]} 34. Qxg7+ {[%clk 0:05:29]} Ke6 {[%clk 0:08:28]} 35. Qg6+
{[%clk 0:05:21]} Ke7 {[%clk 0:08:38]} 36. Qg7+ {[%clk 0:03:50]} Ke6
{[%clk 0:08:45]} 37. Rd2 {[%clk 0:03:30]} Qf5 {[%clk 0:08:30]} 38. Qb7
{[%clk 0:02:46]} Rd7 {[%clk 0:08:07]} 39. Qd5+ {[%clk 0:02:36]} Kf6
{[%clk 0:07:50]} 40. Qc6 {[%clk 0:01:58]} Ke6 {[%clk 0:07:14]} 41. Qd5+
{[%clk 0:01:34]} Kf6 {[%clk 0:07:17]} 42. Kg2 {[%clk 0:01:42]} Qe6
{[%clk 0:06:19]} 43. Qa8 {[%clk 0:01:13]} d5 {[%clk 0:05:44]} 44. Qh8+
{[%clk 0:01:07]} Kg6 {[%clk 0:05:40]} 45. Re2 {[%clk 0:00:55]} e4
{[%clk 0:05:36]} 46. Re1 {[%clk 0:00:34]} Rh7 {[%clk 0:05:38]} 47. Qd8
{[%clk 0:00:34]} Qf7 {[%clk 0:04:34]} 48. Qd6+ {[%clk 0:00:44]} Kg7
{[%clk 0:04:44]} 49. Qe5+ {[%clk 0:00:52]} Qf6 {[%clk 0:02:47]} 50. Qxf6+ Kxf6
{[%clk 0:02:56]} 51. Rd1 {[%clk 0:00:59]} Ke5 {[%clk 0:03:05]} 52. Rd4
{[%clk 0:01:08]} a5 {[%clk 0:02:50]} 53. a3 {[%clk 0:01:10]} Rb7 {[%clk 0:02:44]}
54. Kf1 {[%clk 0:01:16]} Rh7 {[%clk 0:01:51]} 55. Kg2 {[%clk 0:01:02]} Rf7
{[%clk 0:02:00]} 56. Rd1 {[%clk 0:01:03]} b4 {[%clk 0:01:56]} 57. axb4
{[%clk 0:00:51]} axb4 {[%clk 0:02:05]} 58. Ra1 {[%clk 0:00:34]} bxc3 59. bxc3 Rc7
60. Ra3 Rf7 {[%clk 0:01:34]} 61. Rb3 {[%clk 0:00:37]} Rf3 {[%clk 0:01:40]} 62.
Ra3 {[%clk 0:00:41]} Kd6 {[%clk 0:01:48]} 63. Ra6+ {[%clk 0:00:33]} Kc5
{[%clk 0:01:56]} 64. Rg6 {[%clk 0:00:42]} Rxc3 {[%clk 0:02:02]} 65. Rxg4
{[%clk 0:00:51]} Rc2 {[%clk 0:01:39]} 66. Kf1 {[%clk 0:00:37]} Rc1+
{[%clk 0:01:11]} 67. Ke2 {[%clk 0:00:46]} Rc2+ {[%clk 0:01:16]} 68. Ke1
{[%clk 0:00:55]} Kd4 {[%clk 0:00:42]} 69. Rg5 {[%clk 0:01:00]} Rc1+
{[%clk 0:00:48]} 70. Ke2 {[%clk 0:01:09]} Rc2+ 1/2-1/2